| 000 | 00691nam a2200229 a 4500 | ||
|---|---|---|---|
| 008 | |||
| 020 | _a0855983663 (pbk.) | ||
| 049 | _aMAIN | ||
| 090 |
_aHD75 _bEAD |
||
| 100 | 1 | _aEade, Deborah. | |
| 245 | 1 | 0 |
_aCapacity-building : _ban approach to people-centred development / _cDeborah Eade. |
| 260 |
_aOxford : _bOxfam, _c1997. |
||
| 300 |
_av, 226 p. : _bill. ; _c22 cm. |
||
| 440 | _aDevelopment guidelines. | ||
| 504 | _aIncludes bibliographical references. | ||
| 650 | 0 |
_aHuman capital _xGovernment policy. |
|
| 907 |
_a.b10082724 _b13-09-12 _c16-07-03 |
||
| 003 | |||
| 005 | 20230123133338.0 | ||
| 040 | _cNUST | ||
| 942 |
_cBOOKS _kHD75 _mEAD |
||
| 999 |
_c146999 _d146999 |
||